| 000 | 00641cam a2200181 i 4500 | ||
|---|---|---|---|
| 005 | 20260114121621.0 | ||
| 008 | 250721s2012 jo gr 000 0 ara d | ||
| 082 | 1 | 4 |
_a306.88 _bح ج ا |
| 100 | 1 |
_aالحجاوي، حمد _eمؤلف. |
|
| 245 | 1 | 2 |
_aالتفكك الأسري والقبول في الجامعات / _cحمد سلمان صالح الحجاوي. |
| 250 | _aالطبعة الأولى. | ||
| 264 | 1 |
_aعمان : _bحمد سلمان صالح الحجاوي. _c2012. |
|
| 300 | _a128 صفحة. | ||
| 650 | 1 | 7 | _aالتفكك الاسري. |
| 650 | 1 | 7 | _aالاسرة. |
| 942 |
_2ddc _cBK |
||
| 999 |
_c128293 _d128293 |
||